| 000 | 01538nam a2200349Ia 4500 | ||
|---|---|---|---|
| 001 | ebr10685255 | ||
| 003 | CaPaEBR | ||
| 006 | m u | ||
| 007 | cr cn||||||||| | ||
| 008 | 110414s2011 ne sb 001 0 eng d | ||
| 010 | _z 2011016040 | ||
| 020 | _z9004186247 (hardback : alk. paper) | ||
| 020 | _z9789004186248 (hardback : alk. paper) | ||
| 020 | _z9789004215641 | ||
| 040 |
_aCaPaEBR _cCaPaEBR |
||
| 035 | _a(OCoLC)817583903 | ||
| 050 | 1 | 4 |
_aKZ1203.A12 _bA87 2011eb |
| 082 | 0 | 4 |
_a341.6/90268 _222 |
| 245 | 0 | 0 |
_aAssessing the legacy of the ICTY _h[electronic resource] / _cedited by Richard H. Steinberg. |
| 260 |
_aLeiden ; _aBoston : _bM. Nijhoff Pub., _c2011. |
||
| 300 | _axxvi, 316 p. | ||
| 504 | _aIncludes bibliographical references and index. | ||
| 533 |
_aElectronic reproduction. _bPalo Alto, Calif. : _cebrary, _d2013. _nAvailable via World Wide Web. _nAccess may be limited to ebrary affiliated libraries. |
||
| 610 | 2 | 0 | _aInternational Tribunal for the Prosecution of Persons Responsible for Serious Violations of International Humanitarian Law Committed in the Territory of the Former Yugoslavia since 1991. |
| 650 | 0 | _aInternational criminal courts. | |
| 650 | 0 |
_aWar crime trials _zYugoslavia. |
|
| 650 | 0 |
_aYugoslav War, 1991-1995 _xAtrocities. |
|
| 655 | 7 |
_aElectronic books. _2local |
|
| 700 | 1 |
_aSteinberg, Richard H., _d1960- |
|
| 710 | 2 | _aebrary, Inc. | |
| 856 | 4 | 0 |
_uhttp://site.ebrary.com/lib/rucke/Doc?id=10685255 _zAn electronic book accessible through the World Wide Web; click to view |
| 999 |
_c12946 _d12946 |
||